Babelfish Movies Quiz Stats

 Plays Quiz Updated Mar 28, 2012

Challenge
Share
Tweet
Embed
Score 0/20 Timer 06:00
2 Plays Today
Translation Movie % Correct
Club of CombatFight Club
85%
It is Splendid LifeIt's a Wonderful Life
83.1%
Little Gloss of Ms SunLittle Miss Sunshine
79%
Black MenMen in Black
78.6%
The Traveller Guides to the Star DepartmentThe Hitchhiker's Guide to the Galaxy
76.3%
The Cap of Robin: People in LeggingRobin Hood: Men in Tights
76.1%
The Tiger which bends the body, Breath ChaffCrouching Tiger, Hidden Dragon
73.4%
Sheet RunnerBlade Runner
64.5%
Clean WomanPretty Woman
64.2%
Dark HorsemanThe Dark Knight
61.7%
Translation Movie % Correct
Week of Ring: Returning the WagesThe Lord of the Rings: The Return of the King
60.7%
Rock Terrorist Picture Demonstration The Rocky Horror Picture Show
60.5%
Prestige HuntingGood Will Hunting
59.6%
Cube HardDie Hard
56.6%
Dogs of the Water River BasinReservoir Dogs
53.3%
Hot Projectiles!Hot Shots!
34.5%
As One Trains Your KiteHow to Train Your Dragon
33.5%
Donkey of the KickKick-Ass
32.6%
Invoice of KillingKill Bill
26.4%
Face Full CicatricesScarface
12.9%

You're not logged in!

Compare scores with friends on all Sporcle quizzes.
Join for Free
OR
Log In

You Might Also Like...

Show Comments

Extras

Top Quizzes Today


Score Distribution

Your Account Isn't Verified!

In order to create a playlist on Sporcle, you need to verify the email address you used during registration. Go to your Sporcle Settings to finish the process.

Report this User

Report this user for behavior that violates our Community Guidelines.

Details: